[Event "Oberliga Nord O 1617"]
[Site "Germany"]
[Date "2017.04.23"]
[Round "8.2"]
[White "Kayser, Stefan"]
[Black "Niehaus, Frank"]
[Result "1/2-1/2"]
[WhiteElo "2121"]
[BlackElo "2220"]
[PlyCount "23"]
[EventDate "2016.10.16"]
[EventType "team-tourn"]
[EventRounds "9"]
[EventCountry "GER"]
[SourceTitle "EXT 2018"]
[Source "ChessBase"]
[SourceDate "2017.10.13"]
[SourceVersion "1"]
[SourceVersionDate "2017.10.13"]
[SourceQuality "1"]
[WhiteTeam "Oranienburg"]
[BlackTeam "Koenig Tegel"]
[WhiteTeamCountry "GER"]
[BlackTeamCountry "GER"]

1. Nf3 Nf6 2. d4 g6 3. g3 Bg7 4. Bg2 0-0 5. 0-0 d6 6. Nbd2 Nbd7 7. b3 e5 8. dxe5 Ng4 9. Nc4 Ngxe5 10. Nfxe5 Nxe5 11. Nxe5 Bxe5 12. Rb1 1/2-1/2

[Event "Oberliga Nord O 1617"]
[Site "Germany"]
[Date "2017.01.15"]
[Round "4.2"]
[White "Kayser, Stefan"]
[Black "Kalinitschew, Sergey"]
[Result "0-1"]
[WhiteElo "2121"]
[BlackElo "2423"]
[PlyCount "56"]
[EventDate "2016.10.16"]
[EventType "team-tourn"]
[EventRounds "9"]
[EventCountry "GER"]
[SourceTitle "EXT 2018"]
[Source "ChessBase"]
[SourceDate "2017.10.13"]
[SourceVersion "1"]
[SourceVersionDate "2017.10.13"]
[SourceQuality "1"]
[WhiteTeam "Oranienburg"]
[BlackTeam "Kreuzberg"]
[WhiteTeamCountry "GER"]
[BlackTeamCountry "GER"]

1. d4 Nf6 2. Nf3 g6 3. g3 c5 4. Bg2 Bg7 5. 0-0 cxd4 6. Nxd4 Nc6 7. c3 0-0 8. Na3 d5 9. c4 e5 10. Nxc6 bxc6 11. Bg5 Be6 12. Qa4 Qb6 13. Rac1 Qxb2 14. Rc2 Qb7 15. Bxf6 Bxf6 16. Rb1 Qe7 17. Rcb2 Rfc8 18. Rb7 Qc5 19. Qb4 Qxb4 20. R1xb4 Bd8 21. c5 Kf8 22. Ra4 a5 23. e4 Be7 24. exd5 cxd5 25. h3 Rxc5 26. Nb5 Bc8 27. Ra7 Rxa7 28. Nxa7 Bd7 0-1

[Event "Oberliga Nord O 1617"]
[Site "Germany"]
[Date "2016.10.16"]
[Round "1.2"]
[White "Berebora, Ferenc"]
[Black "Kayser, Stefan"]
[Result "1-0"]
[WhiteElo "2434"]
[BlackElo "2121"]
[PlyCount "71"]
[EventDate "2016.10.16"]
[EventType "team-tourn"]
[EventRounds "9"]
[EventCountry "GER"]
[SourceTitle "EXT 2018"]
[Source "ChessBase"]
[SourceDate "2017.10.13"]
[SourceVersion "1"]
[SourceVersionDate "2017.10.13"]
[SourceQuality "1"]
[WhiteTeam "Neuruppin"]
[BlackTeam "Oranienburg"]
[WhiteTeamCountry "GER"]
[BlackTeamCountry "GER"]

1. d4 d5 2. Nf3 Nf6 3. c4 e6 4. Qc2 c6 5. Bg5 Be7 6. e3 Nbd7 7. Nc3 0-0 8. Rd1 a6 9. cxd5 exd5 10. Bd3 Re8 11. 0-0 Nf8 12. h3 Ne4 13. Bxe7 Qxe7 14. Bxe4 dxe4 15. Nd2 f5 16. f3 exf3 17. Rxf3 Be6 18. e4 fxe4 19. Ndxe4 Rad8 20. Nc5 Bd5 21. Nxd5 Rxd5 22. Qb3 Ng6 23. Qxb7 Qxb7 24. Nxb7 Re4 25. Rc1 Ne7 26. Nc5 Re2 27. Kf1 Rxb2 28. Re1 Nf5 29. g4 g6 30. gxf5 gxf5 31. Re8+ Kf7 32. Re5 Rxe5 33. dxe5 Rxa2 34. Rxf5+ Ke8 35. e6 a5 36. Rf7 1-0

[Event "Berlin Lichtenberger op 8th"]
[Site "Berlin"]
[Date "2009.08.23"]
[Round "9"]
[White "Kayser, Stefan"]
[Black "Bandlow, Matthias"]
[Result "1-0"]
[WhiteElo "1964"]
[BlackElo "1997"]
[PlyCount "65"]
[EventDate "2009.08.15"]
[EventType "swiss"]
[EventRounds "9"]
[EventCountry "GER"]
[SourceTitle "CBM 131 Extra"]
[Source "ChessBase"]
[SourceDate "2009.09.03"]
[SourceVersion "2"]
[SourceVersionDate "2009.09.16"]
[SourceQuality "1"]

1. d4 d5 2. c4 e6 3. Nc3 Nf6 4. Bg5 Be7 5. cxd5 exd5 6. e3 0-0 7. Bd3 h6 8. Bh4 c6 9. Qc2 Be6 10. Nf3 Nbd7 11. 0-0 Nh5 12. Bxe7 Qxe7 13. Rab1 Bg4 14. Ne1 Qg5 15. b4 Nhf6 16. Na4 h5 17. Nc5 Nxc5 18. bxc5 Rab8 19. h3 Bc8 20. Nf3 Qh6 21. Ne5 Nd7 22. Nxd7 Bxd7 23. Qa4 a6 24. Qd1 Qg5 25. Qf3 g6 26. Rb6 a5 27. Rfb1 Bc8 28. Ba6 Bf5 29. R1b2 Be4 30. Qg3 Qd8 31. Rxb7 h4 32. Qxb8 Qxb8 33. Rxb8 1-0